00656 2200241 4500001002100000005001500021035002000036007000300056008004100059020002200100082001000122084001600132100001700148245010200165250001000267260002700277300003100304650001200335700002500347700001800372990001200390990001200402INLIS00000000000180320180326031509 a0010-0318000146ta180326 g 1 ind  a978-979-91-0578-3 a398.2 a398.2 GRA c0 aGRACE, Judio1 aCerita Semut tentang Hati dan Perut /cGrace Judio; penyunting, Rooslain Wiharyanti, Ratna Dyah W acet.1 aJakarta :bGaia,c2013 a47 hlm. :bilus. ;c20 cm. aDONGENG0 aROOSLAIN, Wiharyanti0 aRATNA, Dyah W a16464 a a16464 b